00319nam a2200109Ia 4500008004100000245007200041260004800113260000900161300000900170500001400179650001600193170224s9999 xx 000 0 und d aSpeeding in school zones: Violation or lapse in prospective memory? bJournal of Experimental Psychology: Applied c2014 a20:3 aSeptember xPsychology.